000 00421nab a2200145Ia 4500
003 ES-SlBCS
005 20210601134614.0
008 140529s1980 xxu||||| |||| 00| 0 spa d
041 _aspa
100 1 _aPastore, Corrado
_945962
245 0 0 _aEstructuralismo: ¿la muerte del hombre?
_c Corrado Pastore
650 0 4 _aEstructuralismo
_916393
773 0 _tAnthropos
_gvol. 1, nº. 1, 1980, págs. 7-22
_wRev38
942 _cAR
999 _c615159
_d615159